000 00799nam a2200277Ia 4500
001 Z_1755
003 CHAP
008 220113s1999 xx 000 0 und d
010 _a164847
040 _cCHAP
090 _aTesis P 1423
100 _aPaniagua de Jesús, Pablo
_985090
245 _aAsociaciones gramíneas leguminosas en su tercer invierno bajo pastoreo /
_cpor Pablo Paniagua de Jesús
260 _aChapingo, Méx. :
_bEl autor,
_c1999
300 _a74 h. :
_bilus.
502 _aTesis (Ing. Agr. Esp. en Zootecnia) -- UACH. Departamento de Zootecnia
650 _aGramíneas
_950260
650 _aLeguminosas
_965807
650 _aSiembra múltiple
_9137549
901 _aTESIS P 1423
902 _aM
910 _a1999
942 _c2
942 _c2
999 _c164847
_d164847